All Senators From Hawaii - Statistics

General Stats
  • This quiz has been taken 34 times
  • The average score is 5 of 7
Answer Stats
Years Party Senator % Correct
2012- Democratic Brian Schatz
96%
2013- Democratic Mazie Hirono
96%
1963-2012 Democratic Daniel Inouye
92%
1990-2013 Democratic Daniel Akaka
79%
1977-1990 Democratic Spark Matsunaga
54%
1959-1977 Republican Hiram Fong
50%
1959-1963 Democratic Oren E. Long
38%
No matching quizzes found
Score Distribution
Percent of People with Each Score
Percentile by Number Answered
Your Score History
You have not taken this quiz